01258nam a2200253Ia 4500003000900000008004100009020001800050040001600068080002300084111015500107245033500262260004200597300001500639650001500654650002800669650003400697650004100731650004200772700004000814710002900854942000700883999001500890952009900905IN-BaIIA211028s9999 xx 000 0 eng d a90-277-2114-9 cIIA Library a082.2:52bIAU-S112 aSymposium of the International Astronomical Union on the Search for Extraterrestrial Life, Recent Developmnentsn112thcBostond1984 June 18-21914456 4aThe search for extraterrestrial life: recent developmnentsbproceedings of the 112th Symposium of the international Astronomical Union on the search for extraterrestrial life, recent developmnents held at Boston University, Boston, Mass., U.S.A., June 18–21, 1984cedited by Michael D Papagiannis  aDordrechtbD. Reidel Publishingc1985 axxv, 579p. aAstrometry aAstronomical photometry aAstronomical techniques91786 aAstronomy and Astrophysics thesaurus aStellar quantities Calibration914457 aPapagiannis, Michael D., ed.910697 aBoston Univeristy914458 cBK c8612d8612 00104070aBANbBANcGENd1986-02-13l0o082.2:52/ IAU-S112p9484r2021-11-05w1986-02-13yBK